Fase evacuación, dispersión y albergue / Jefatura Nacional de Defensa Pasiva
Descripción Física:
11 p. ; 21 cm
MARC
| LEADER | 00000nam a2200000Ia 4500 | ||
|---|---|---|---|
| 001 | 21498 | ||
| 008 | 160829s1958 xx 000 0 cat d | ||
| 080 | |a FU-40-25 | ||
| 110 | |a Espanya. |b Jefatura Nacional de Defensa Pasiva |9 53637 | ||
| 245 | |a Fase evacuación, dispersión y albergue / Jefatura Nacional de Defensa Pasiva | ||
| 260 | |a Madrid : |b Hidalgo, |c 1958 | ||
| 300 | |a 11 p. ; |c 21 cm | ||
| 590 | |a Prové de E-29, exp. 3 i de E-302, exp. 7 | ||
| 650 | |a Espanya. Jefatura Nacional de Defensa Pasiva |x Evacuació de civils |9 47676 | ||
| 901 | |a Arxiu | ||
| 942 | |n 1 | ||
| 952 | |0 0 |1 0 |4 0 |6 FU4025 |7 1 |9 54683 |a Arxiu |b Arxiu |d 2016-12-01 |l 0 |o FU-40-25 |p 21498 |r 2016-12-01 00:00:00 |w 2016-12-01 |y ARXIU | ||
| 999 | |c 58552 |d 58552 | ||